000 02593nam0a2200409 4500
001 RU\NLR\bibl\824506
005 20260407092420.0
010 _a5-7964-0611-6
_9250
021 _aRU
_b2005-14523
_9740
035 _a(NLR Aleph) 000813411
090 _a1255609
_c1255609
100 _a20050728d2004 |||y0rusy50 ca
101 0 _arus
102 _aRU
105 _aa |||||||||
200 1 _aИнновационные средства и технологии развития творческого потенциала студентов
_eматериалы Всероссийской научно-практической конференции, 25-27 ноября 2004 года
_f[редкол.: Б.Л. Штриков (отв. ред.) и др.]
210 _aСамара
_cСамарский государственный технический университет
_d2004
215 _a323, [1] с.
_cил.
_d20
300 _aВ надзаг.: М-во образования и науки Рос. Федерации, Федер. агентство по образованию, Гос. образоват. учреждение высш. проф. образования Самар. гос. техн. ун-т, Самар. фил. Исслед. центра проблем качества подгот. специалистов и др.
300 _aПосвящается 90-летию Самар. гос. техн. ун-та
320 _aБиблиогр. в конце отд. докл.
606 1 _aКреативная педагогика
_jСборники
_92109278
_3RU\NLR\auth\661274906
606 1 _aКреативная педагогика
_jСъезды, совещания и т.п.
_92109278
_3RU\NLR\auth\661274906
606 1 _aТворческие способности у студентов
_jСъезды, совещания и т.п.
_xРазвитие
_92359803
_3RU\NLR\auth\661409249
606 1 _aИнновации в педагогике
_jСборники
_92003950
_3RU\NLR\auth\661206113
606 1 _aИнновации педагогические
_jСъезды, совещания и т.п.
_92078601
_3RU\NLR\auth\661254463
686 _aЧ30в2
686 _aЧ312я431
686 _aЮ945.40-724я431
686 _aЧ481.2я431
702 1 _aШтриков
_bБ. Л.
_4340
712 0 2 _4570
_aСамарский государственный технический университет
_9311993
_3RU\NLR\AUTH\8819310
801 0 _aRU
_bNLR
_c20050728
_grcr
801 1 _aRU
_bNLR
_c20050728
942 _cBOOK
980 _aNB